000 00965nam a22003137a 4500
001 BR2013002720
003 BR-BrBNA
005 20230928104157.0
007 ta
008 230509b bl.||||| |||| 00| 0 por d
040 _aBR-BrBNA
_bpor
_cBiblioteca Nacional de Agricultura
041 _a(Por)
072 _aH20
_b3930
090 _ 3930 BR2013002720
100 1 _aBastos, S.C.
110 1 _aUniversidade Federal de Lavras, MG (Brasil)
_0Tese (Doutorado)
245 1 _aPectinases de Cladosporium cladosporioides (Fres.)de Vries: condições de cultivo, purificação parcial e caracterização
260 3 _aLavras, MG (Brasil):
_c2012.
300 _a132 p.
500 _aSummaries (Eng, Por); Several bibliography; 17 illus.; 6 tables
650 _aPECTINA
650 _aFUNGO
650 _aCRIAÇÃO MASSAL
650 _aINDÚSTRIA ALIMENTÍCIA
650 _aPH
650 _aENZIMA
909 _a202309
_bLucia
_c55
_dLucia Elande
942 _cBK
999 _c78528
_d78528